Регионална библиотека "Любен Каравелов" - Русе

Съновник и забавни гадателни игри от миналия век (Запис номер 194818)

MARC детайли
000 -Лидер
Контролно поле с фиксирана дължина 02564nam a2200361 c 4500
003 - Код на организацията, давaща контролен номер
Контролно поле BLK
005 - Дата и час на последна редакция
Контролно поле 20240731005408.0
008 - Елементи от данни с фиксирана дължина
fixed length control field 180411b bul|||||r ||||||| ||bul||
010 ## - Наследен системен номер
LC control number KNG00204051000
040 ## - Източник на каталожния запис
Идентификатор на билиотеката - собственик на записа BLK
041 ## - Код за език
Код за езика на текст/звукозапис или на отделно заглавие Български
Код за езика КДБФ Български
080 ## - УДК
Текстов определител УДК Тълкуване на сънища. Съновници
УДК код - определител по УДК 398.7
УДК определител
УДК - код + определител 398.7
080 ## - УДК
Текстов определител УДК Народни вярвания. Народни обичаи. Суеверия, свързани с годишни времена, с дома, религиозни празници и др. Нестинарство
УДК код - определител по УДК 398.3
УДК определител
УДК - код + определител 398.3
139 ## - Редно поле
Редна дума Съновник и забавни гадателни игри от миналия век
Авторски знак Сън - С 97
245 10 - Сведения за заглавието
Заглавие Съновник и забавни гадателни игри от миналия век
Подзаглавни данни [Сборник]
Редно поле (дума) състав. и комент. Даринка Караджова; * Петко Рачов Славейков; * Анастас Поппетров Гранитски.
257 ## - Страна на издаване
Страна на създаване/издаване България
260 ## - Област на издателските данни
-- София
Име на издателя, разпространителя и проч. Делта Букс
Година на издаване 1991
300 ## - Физическа характеристика
Страници 159 с.
Илюстрации и др. с факс.
Размери/Мащаб 20 см
380 ## - Жанр
Жанр Обществени науки
500 ## - Общи забележки
Забележка Включените в сб. кн. са от 1870, 1849 и 1862 г. - Офс. изд. - 5 060 тир. - Съдържа Предвещание или пълно тълкувание на сънищата, виденията и явленията, извлечено от най-изпитаните древни и нови списания за тайнствените науки / П. Р. Славейков ; Пития или гледане за щастие / Прев. от гр. ез. А. П. Гранитски ; Гадателна книжка за преходните човешки преживелици.
650 #4 - Допълнително описание по предмет – тема
Основно описание – тема или топоним Сънища - тълкуване
9 (RLIN) 241617
650 #4 - Допълнително описание по предмет – тема
Основно описание – тема или топоним Астрология
9 (RLIN) 147757
650 #4 - Допълнително описание по предмет – тема
Основно описание – тема или топоним Гадания
9 (RLIN) 151652
700 1# - Други автори (авторска отговорност)
Лично име Караджова, Даринка
Автороска отговорност (Описва отношението между автора и произведението) състав. и комент.
9 (RLIN) 369997
700 1# - Други автори (авторска отговорност)
Лично име Гранитски, Анастас Поппетров
Автороска отговорност (Описва отношението между автора и произведението) *
9 (RLIN) 381113
700 1# - Други автори (авторска отговорност)
Лично име Славейков, Петко Рачов
Дати, свързани с автора 1827-1895
Друга информация Виден възрожд. деец, участник в борбата за църк. освобожд., просветител, писател, поет, публицист, фолклорист, политик
Автороска отговорност (Описва отношението между автора и произведението) *
9 (RLIN) 121105
852 ## - Местоположение
Форматна сигнатура Цб 166367
856 4# - Електронен адрес и достъп
Електронен формат pdf - файл
Път до файла /url/
856 4# - Електронен адрес и достъп
Електронен формат pdf - файл
Път до файла /url/
942 ## - АРТИКУЛИ
Вид на библиотечния материал Книги
Скрит в OPAC Не
944 ## - СЪЗДАВАНЕ И РЕДАКЦИЯ на ЗАПИСА
Създаване/Редакция Създаване
Дата на регистрацията/редакция 29.03.2017
Служител, извършил регистрацията/редакцията
Статус, дата на статуса CRON CRON
944 ## - СЪЗДАВАНЕ И РЕДАКЦИЯ на ЗАПИСА
Създаване/Редакция Редакция
Дата на регистрацията/редакция 29.03.2017
Служител, извършил регистрацията/редакцията Кети_Илиева
999 ## - СИСТЕМНИ КОНТРОЛНИ НОМЕРА
Koha biblionumber 194818
Koha biblioitemnumber 194818
Наличности
Код за отписване Код за изгубен артикул Източник на класификационната схема Код за повреда Коз за рестрикции Код за отдаване Артикулен № Име на библиотеката - собственик Име на библиотеката, в която се намира в момента Статус (Текущо местоположение) Дата на вписване в системата Местоположение - отдел Цена в лева Инвентарен номер Систематично азбучна сигнатура Баркод Номер на екземпляра Цена в евро Служебна бележка Служебен тип на артикула
  Не е изгубен Universal Decimal Classification Не е повреден без рестрикции ползва се в читалня 340544 Регионална библиотека "Любен Каравелов" Русе Регионална библиотека "Любен Каравелов" Русе Хранилище 1991-01-01 Хранилище 6.45 549118 Цб 166367 120000549118 1 3.30 Вид: Сф Дата: 01.01.1991 Книги
Изтеглен Не е изгубен Universal Decimal Classification Не е повреден без рестрикции заемане за дома 340545 Регионална библиотека "Любен Каравелов" Русе Регионална библиотека "Любен Каравелов" Русе Заемна - подръчен фонд 1991-01-01 Заемна - подръчен фонд 6.45 548157 П 398/С 97 548157 2 3.30 Вид: Сф Дата: 01.01.1991 Дата инв: 21.03.2018 Бележки инв: П2018 Книги
Vip Innovations Ltd, Rousse, Bulgaria 2025